| 000 | 00727cam a22002534a 4500 | ||
|---|---|---|---|
| 001 | 12685011 | ||
| 005 | 20180813044309.0 | ||
| 008 | 020214s2003 njua b 001 0 eng | ||
| 010 | _a 2002022481 | ||
| 020 | _a0130336297 | ||
| 035 | _a(DLC) 2002022481 | ||
| 040 |
_aDLC _cDLC _dDLC |
||
| 041 | _aeng | ||
| 042 | _apcc | ||
| 080 | _a658.8 | ||
| 082 | 0 | 0 |
_a658.8 _221 |
| 100 | 1 | _a60 | |
| 101 | _aMAR | ||
| 245 | 1 | 0 |
_aMarketing management / _cPhilip Kotler. |
| 504 | _aIncludes bibliographical references and indexes. | ||
| 906 |
_a7 _bcbc _corignew _d1 _eocip _f20 _gy-gencatlg |
||
| 942 |
_2ddc _cBK |
||
| 999 |
_c47022 _d47022 |
||